[Event "Grimberger's tournament 2"]
[Site "SchemingMind.com"]
[Date "2008.08.03"]
[Round "-"]
[White "adamsrichg"]
[Black "Orange Lion"]
[Result "0-1"]
[WhiteCountry "USA"]
[BlackCountry "NED"]
[WhiteElo "1822"]
[WhiteRD "85"]
[BlackElo "2318"]
[BlackRD "87"]
[GameID "165916"]

1. e4 e6 2. d4 d5 3. Nd2 Nf6 4. e5 Nfd7 5. Bd3 c5 6. c3 Nc6 7. Ne2 Qb6 8. Nf3 cxd4 9. cxd4 f6 10. exf6 Nxf6
11. O-O Bd6 12. b3 O-O 13. Bf4 Nxd4 14. Nfxd4 e5 15. Be3 exd4 16. Bxd4 Bc5 17. Rc1 Bxd4 18. Nxd4 Bg4 19. Qd2 Rad8 20. Bb1 Ne4
21. Qb2 Rf4 22. Kh1 Nxf2+ 23. Rxf2 Qxd4 24. Qxd4 Rxd4 25. h3 Rd1+ 26. Rxd1 Bxd1 27. Rd2 Bh5 28. g4 Bf7 29. Bf5 g6 30. Bd3 h6
31. Rc2 Rd7 32. Kg2 Kg7 33. Kf3 Re7 34. h4 g5 35. hxg5 hxg5 36. Bf5 Kf6 37. b4 d4 38. a4 Bb3 39. Rd2 Re3+ 40. Kf2 Ke5
41. a5 Bd5 42. Rb2 Rf3+ 43. Ke1 d3 44. Kd2 Kd4 45. b5 Rf2+ 46. Kc1 Rxb2 47. Kxb2 d2 48. Bc2 Bf3
0-1

[Event "Grimberger's tournament 2"]
[Site "SchemingMind.com"]
[Date "2008.08.04"]
[Round "-"]
[White "maro"]
[Black "lame wolf"]
[Result "1-0"]
[WhiteCountry "MEX"]
[BlackCountry "INT"]
[WhiteElo "1326"]
[WhiteRD "61"]
[BlackElo "1062"]
[BlackRD "47"]
[GameID "165917"]

1. e4 d5 2. Bd3 f5 3. exf5 c6 4. f6 Nxf6 5. Nf3 Bg4 6. h3 Bxf3 7. Qxf3 Nbd7 8. O-O e6 9. Re1 Be7 10. Rxe6 g6
11. b4 Qc7 12. Qe3 b5 13. Bb2 Qb6 14. Rxe7+ Kf8 15. Nc3 d4 16. Qe6 c5 17. Qf7#
1-0

[Event "Grimberger's tournament 2"]
[Site "SchemingMind.com"]
[Date "2008.08.04"]
[Round "-"]
[White "Orange Lion"]
[Black "adamsrichg"]
[Result "1-0"]
[WhiteCountry "NED"]
[BlackCountry "USA"]
[WhiteElo "2267"]
[WhiteRD "90"]
[BlackElo "1802"]
[BlackRD "82"]
[GameID "165926"]

1. Nf3 c5 2. c4 g6 3. g3 Bg7 4. Bg2 Nc6 5. Nc3 d6 6. O-O e5 7. a3 Nge7 8. d3 O-O 9. Rb1 a5 10. Ne1 Be6
11. Nc2 d5 12. cxd5 Nxd5 13. Ne3 Nde7 14. Nc4 Rb8 15. f4 b5 16. Nxe5 Nxe5 17. fxe5 Qd4+ 18. Rf2 Qxe5 19. Bf4 Qd4 20. e3 Qd7
21. Bxb8 Rxb8 22. Ne4 Qc7 23. Ng5 Qe5 24. Nxe6 Qxe6 25. Qf3 Nf5 26. Re1 Qb3 27. g4 Nh4 28. Qg3 Nxg2 29. Qxb8+
1-0

[Event "Grimberger's tournament 2"]
[Site "SchemingMind.com"]
[Date "2008.08.04"]
[Round "-"]
[White "lame wolf"]
[Black "maro"]
[Result "0-1"]
[WhiteCountry "INT"]
[BlackCountry "MEX"]
[WhiteElo "1062"]
[WhiteRD "47"]
[BlackElo "1326"]
[BlackRD "61"]
[GameID "165927"]

1. g4 d5 2. h3 e5 3. Bg2 e4 4. d3 Nf6 5. dxe4 Bb4+ 6. Bd2 a5 7. Bxb4 axb4 8. e5 Ne4 9. Bxe4 dxe4 10. Qxd8+ Kxd8
11. f3 e3 12. f4 Nc6 13. c3 Re8 14. Nf3 Be6 15. f5 Bc4 16. b3 Bb5 17. c4 Ba6 18. h4 b5 19. g5 bxc4 20. a3 Bb5
21. bxc4 Bxc4 22. h5 h6 23. Kf1 b3 24. Nc3 Rb8 25. Kg2 b2 26. Rab1 Rb3 27. Ne4 Bxe2 28. g6 fxg6 29. hxg6 Bd3 30. Nc5 Bxf5
31. Rhd1+ Ke7 32. Nd4 Nxd4 33. Rxd4 Bxb1 34. Nxb3 e2
0-1

[Event "Grimberger's tournament 2"]
[Site "SchemingMind.com"]
[Date "2008.08.06"]
[Round "-"]
[White "z"]
[Black "Queeny"]
[Result "1-0"]
[WhiteCountry "IRQ"]
[BlackCountry "ENG"]
[WhiteElo "1748"]
[WhiteRD "59"]
[BlackElo "1461"]
[BlackRD "82"]
[GameID "166332"]

1. d4 d5 2. c4 e6 3. Nc3 Bb4 4. Bd2 Nf6 5. e3 O-O 6. Bd3 c5 7. Nge2 Nc6 8. a3 Bxc3 9. Bxc3 cxd4 10. Nxd4 Nxd4
11. Bxd4 a6 12. O-O Bd7 13. Qe2 Re8 14. f4 dxc4 15. Bxc4 b5 16. Bd3 Nd5 17. Qh5 Nf6 18. Bxf6 g6 19. Bxd8 gxh5 20. Bf6 Rec8
21. Rf3 Kf8 22. Rh3 Ra7 23. Rxh5 Rac7 24. Rxh7 Rc1+ 25. Rxc1 Rxc1+ 26. Kf2
1-0

[Event "Grimberger's tournament 2"]
[Site "SchemingMind.com"]
[Date "2008.08.06"]
[Round "-"]
[White "lemmie"]
[Black "Apatchenlama"]
[Result "0-1"]
[WhiteCountry "NED"]
[BlackCountry "GER"]
[WhiteElo "1744"]
[WhiteRD "47"]
[BlackElo "1659"]
[BlackRD "91"]
[GameID "166333"]

1. e4 c5 2. Nf3 Nc6 3. Nc3 d6 4. Bb5 e5 5. Nd5 a6 6. Bc4 Nf6 7. d3 b5 8. Bb3 Na5 9. Nxf6+ Qxf6 10. c3 Nxb3
11. Qxb3 Be6 12. Qc2 h6 13. h3 Be7 14. Be3 O-O 15. Qd2 d5 16. O-O Bxh3 17. Nh2 Qg6 18. f3 d4 19. cxd4 cxd4 20. Bxd4 exd4
21. Kh1 Be6 22. a3 Bd6 23. g4 Be7 24. Rg1 Qg5 25. Qf2 Qe3 26. Qxe3 dxe3 27. Rge1 Bf6 28. Rab1 Ba2 29. Ra1 Bb3 30. Re2 Rac8
31. Rb1 Bd4 32. Nf1 Rc2 33. Ree1 e2 34. Ng3 Bf2 35. Rxe2 Bxg3 36. Rxc2 Bxc2
0-1

[Event "Grimberger's tournament 2"]
[Site "SchemingMind.com"]
[Date "2008.08.07"]
[Round "-"]
[White "Queeny"]
[Black "z"]
[Result "1-0"]
[WhiteCountry "ENG"]
[BlackCountry "IRQ"]
[WhiteElo "1520"]
[WhiteRD "81"]
[BlackElo "1754"]
[BlackRD "60"]
[GameID "166341"]

1. e4 c5 2. Nc3 e6 3. d3 d5 4. Bf4 Nf6 5. e5 Nfd7 6. Nf3 h6 7. Be2 Nc6 8. O-O a6 9. a3 b5 10. b3 Be7
11. g3 Bb7 12. d4 Qc7 13. dxc5 Bxc5 14. b4 Ba7 15. Rb1 Rc8 16. a4 Nxb4 17. Qd2 Nxc2 18. Qxc2 Qxc3 19. Qxc3 Rxc3 20. axb5 d4
21. bxa6 Bxf3 22. Bxf3 Rxf3 23. Rb7 Bc5 24. a7 Ra3 25. Rb8+ Ke7 26. Rxh8 Rxa7 27. Rc8 Bb6 28. h4 Bc7 29. Re1 Nf8 30. Bd2 f6
31. Bb4+
1-0

[Event "Grimberger's tournament 2"]
[Site "SchemingMind.com"]
[Date "2008.08.06"]
[Round "-"]
[White "Apatchenlama"]
[Black "lemmie"]
[Result "0-1"]
[WhiteCountry "GER"]
[BlackCountry "NED"]
[WhiteElo "1659"]
[WhiteRD "91"]
[BlackElo "1744"]
[BlackRD "47"]
[GameID "166342"]

1. d4 d5 2. c4 dxc4 3. Nf3 e6 4. e3 Nf6 5. Bxc4 b6 6. Nc3 Bb7 7. O-O Bd6 8. d5 exd5 9. Nxd5 Nxd5 10. Bxd5 Bxh2+
11. Kxh2 Bxd5 12. Re1 Qd6+ 13. Kg1 Nd7 14. Qe2 Bxf3 15. Qxf3 O-O 16. Rd1 Qe6 17. Bd2 Ne5 18. Qg3 Ng6 19. Qxc7 Rfc8 20. Qg3 Rd8
21. Bc3 Rxd1+ 22. Rxd1 Qxa2 23. Qc7 Rf8 24. b4 Qe6 25. Qxa7 Qc6 26. Bd4 Nh4 27. f3 Qc2
0-1

[Event "Grimberger's tournament 2"]
[Site "SchemingMind.com"]
[Date "2008.08.07"]
[Round "-"]
[White "murmac"]
[Black "Dr_Pat"]
[Result "0-1"]
[WhiteCountry "SCO"]
[BlackCountry "USA"]
[WhiteElo "1396"]
[WhiteRD "84"]
[BlackElo "1932"]
[BlackRD "59"]
[GameID "166427"]

1. e4 Nf6 2. e5 Nd5 3. c4 Nb6 4. c5 Nd5 5. Bc4 e6 6. Nf3 Bxc5 7. Nc3 Nxc3 8. dxc3 Nc6 9. Bf4 O-O 10. O-O d5
11. Bb3 Ne7 12. Ng5 Ng6 13. Qd2 Nxf4 14. Qxf4 f6 15. exf6 Qxf6 16. Qh4 Qg6 17. Rac1 Be7 18. Bc2 Bxg5 19. Qg3 Qh6 20. Qxc7 Bf4
21. Qxf4 Qxf4 22. Rce1 Qd2 23. Ba4 Rxf2 24. Bb5 Rxg2+ 25. Kh1 Rxh2+ 26. Kg1 Qg2#
0-1

[Event "Grimberger's tournament 2"]
[Site "SchemingMind.com"]
[Date "2008.08.09"]
[Round "-"]
[White "Sixmax"]
[Black "chesshub"]
[Result "0-1"]
[WhiteCountry "DEN"]
[BlackCountry "FRA"]
[WhiteElo "2197"]
[WhiteRD "76"]
[BlackElo "2467"]
[BlackRD "64"]
[GameID "166428"]

1. e4 c5 2. c3 Nf6 3. e5 Nd5 4. Nf3 Nc6 5. Na3 g6 6. g3 Bg7 7. Bg2 Nc7 8. Qe2 O-O 9. Nc2 b6 10. d4 Ba6
11. Qd1 d6 12. exd6 Qxd6 13. Bf4 Qe6+ 14. Ne3 cxd4 15. Nxd4 Nxd4 16. cxd4 Rad8 17. Bxc7 Rxd4 18. Qb3 Qd7 19. Bf4 Rd2 20. Nc4 Rd3
21. Qc2 Rc8 22. O-O Rxc4
0-1

[Event "Grimberger's tournament 2"]
[Site "SchemingMind.com"]
[Date "2008.08.11"]
[Round "-"]
[White "aston294"]
[Black "rodk"]
[Result "0-1"]
[WhiteCountry "ENG"]
[BlackCountry "USA"]
[WhiteElo "1062"]
[WhiteRD "68"]
[BlackElo "1647"]
[BlackRD "86"]
[GameID "166436"]

1. e4 c5 2. Nc3 Nc6 3. Nd5 e6 4. Nf4 b6 5. Nge2 Bb7 6. Nc3 Nf6 7. Nb5 Ne5 8. Nd6+ Bxd6 9. Nd3 Bxe4 10. Nf4 O-O
11. Bb5 Nd5 12. d4 cxd4 13. c3 dxc3 14. bxc3 Nxc3 15. Qxd6 Nxb5 16. Qxe5 d5 17. Nxd5 Qxd5 18. Qxd5 exd5 19. O-O d4 20. Rd1 Rad8
21. Bg5 f6 22. Bh4 Bc2 23. Rdc1 d3 24. g3 Nd4 25. Rab1 Ne2+
0-1

[Event "Grimberger's tournament 2"]
[Site "SchemingMind.com"]
[Date "2008.08.07"]
[Round "-"]
[White "Dr_Pat"]
[Black "murmac"]
[Result "1-0"]
[WhiteCountry "USA"]
[BlackCountry "SCO"]
[WhiteElo "1932"]
[WhiteRD "59"]
[BlackElo "1396"]
[BlackRD "84"]
[GameID "166437"]

1. d4 e6 2. c4 d5 3. Nc3 Nc6 4. Nf3 Nf6 5. Bg5 Bb4 6. e3 Qe7 7. Bd3 h6 8. Bh4 g5 9. Bg3 Bd7 10. Bxc7 O-O
11. c5 Rfc8 12. Bd6 Qd8 13. h4 Ng4 14. hxg5 hxg5 15. Rh5 f6 16. Ke2 Na5 17. Qh1 Kf7 18. Rh7+ Kg8 19. Rh8+ Kg7 20. Qh7#
1-0

[Event "Grimberger's tournament 2"]
[Site "SchemingMind.com"]
[Date "2008.08.07"]
[Round "-"]
[White "chesshub"]
[Black "Sixmax"]
[Result "1-0"]
[WhiteCountry "FRA"]
[BlackCountry "DEN"]
[WhiteElo "2477"]
[WhiteRD "64"]
[BlackElo "2231"]
[BlackRD "69"]
[GameID "166438"]

1. e4 e5 2. Nf3 Nf6 3. Nxe5 d6 4. Nf3 Nxe4 5. d4 d5 6. Bd3 Bd6 7. O-O O-O 8. c4 c6 9. cxd5 cxd5 10. Nc3 Bf5
11. Qb3 Nc6 12. Qxd5 Ne7 13. Qb3 Nxc3 14. Qxc3 Nd5 15. Qb3 Bxd3 16. Qxd3 Qd7 17. Bd2 f6 18. g3 b6 19. Rfe1 Bb4 20. Bxb4 Nxb4
21. Qb3+ Nd5 22. Nd2 a5 23. a4 Kh8 24. Ne4 Nb4 25. Rad1 Rad8 26. d5 Qf7 27. Nc3 Rd6 28. Re4 f5 29. Re5 f4 30. Ne4 fxg3
31. hxg3 Rd7 32. Rd2 Rfd8 33. Ng5
1-0

[Event "Grimberger's tournament 2"]
[Site "SchemingMind.com"]
[Date "2008.10.09"]
[Round "-"]
[White "z"]
[Black "ibukuno"]
[Result "0-1"]
[WhiteCountry "IRQ"]
[BlackCountry "NGR"]
[WhiteElo "1754"]
[WhiteRD "60"]
[BlackElo "1805"]
[BlackRD "83"]
[GameID "174222"]

1. f4 e5 2. fxe5 d6 3. exd6 Bxd6 4. Nf3 g5 5. d4 g4 6. Ne5 Nc6 7. Nxc6 Qh4+ 8. Kd2 bxc6 9. g3 Bxg3 10. Bg2 Bf4+
11. Kc3 Bxc1 12. Bxc6+ Bd7 13. Bxa8 Bh6 14. Na3 Nf6 15. b3 O-O 16. Qd3 Rxa8 17. Raf1 Bg7 18. e4 Bc6 19. Re1 Rd8 20. Nc4 Nh5
21. Rhf1 Rxd4 22. Qxd4 Bxd4+ 23. Kxd4 Qxh2 24. Ne5 Be8 25. Nxg4 Qd2+ 26. Kc4 Qxc2+ 27. Kb4 a5+ 28. Ka3 Qc5+ 29. Kb2 Qd4+ 30. Kb1 Bb5
31. Rf5 Bd3+ 32. Kc1 Qc3+
0-1

[Event "Grimberger's tournament 2"]
[Site "SchemingMind.com"]
[Date "2008.10.09"]
[Round "-"]
[White "ibukuno"]
[Black "z"]
[Result "0-1"]
[WhiteCountry "NGR"]
[BlackCountry "IRQ"]
[WhiteElo "1867"]
[WhiteRD "74"]
[BlackElo "1779"]
[BlackRD "62"]
[GameID "174235"]

1. e4 c5 2. Nf3 d6 3. Bc4 Nf6 4. d3 e6 5. Nc3 Be7 6. O-O O-O 7. h3 h6 8. Nh2 a6 9. f4 b5 10. Bb3 Nc6
11. a3 Qc7 12. Kh1 Bb7 13. Ng4 Nd4 14. Ba2 Rad8 15. Be3 d5 16. exd5 Nf5 17. Bf2 exd5 18. Ne5 d4 19. Ne2 Bd6 20. Ng3 Ne3
21. Bxe3 dxe3 22. Qe2 Bxe5 23. fxe5 Qxe5 24. Nf5 Rde8 25. Rae1 g6 26. Nxh6+ Kg7 27. Ng4 Nxg4 28. Qxg4 Qxb2 29. Bb3 Qd4 30. Rf4 Qe5
31. Kg1 Re7 32. Kh1 Rh8 33. Kg1 Rh5 34. Ref1 c4 35. dxc4 Rg5
0-1

[Event "Grimberger's tournament 2"]
[Site "SchemingMind.com"]
[Date "2008.10.19"]
[Round "-"]
[White "rodk"]
[Black "Orange Lion"]
[Result "0-1"]
[WhiteCountry "USA"]
[BlackCountry "NED"]
[WhiteElo "1657"]
[WhiteRD "87"]
[BlackElo "2337"]
[BlackRD "89"]
[GameID "175173"]

1. Nf3 Nf6 2. g3 d5 3. Bg2 c6 4. O-O Bf5 5. d3 h6 6. Nbd2 e6 7. b3 Nbd7 8. Bb2 Bg6 9. Ne5 Nxe5 10. Bxe5 Bd6
11. Bxd6 Qxd6 12. e4 O-O 13. Re1 e5 14. exd5 cxd5 15. c4 Bxd3 16. cxd5 Rac8 17. Ne4 Bxe4 18. Bxe4 Nxe4 19. Rxe4 Rc5 20. Qe2 Rxd5
21. Re1 f6 22. f4 Qc5+ 23. Qe3 Qc2 24. Qf2 Rd2 25. R4e2 Rfd8 26. Rxd2 Rxd2 27. Qxa7 Rxh2 28. Kf1 Qg2#
0-1

[Event "Grimberger's tournament 2"]
[Site "SchemingMind.com"]
[Date "2008.10.21"]
[Round "-"]
[White "Orange Lion"]
[Black "rodk"]
[Result "1-0"]
[WhiteCountry "NED"]
[BlackCountry "USA"]
[WhiteElo "2337"]
[WhiteRD "89"]
[BlackElo "1657"]
[BlackRD "87"]
[GameID "175181"]

1. e4 c5 2. Nf3 d6 3. d4 cxd4 4. Nxd4 Nf6 5. Nc3 a6 6. Be3 e6 7. f3 Be7 8. Qd2 Qc7 9. g4 h6 10. O-O-O Nc6
11. h4 Nxd4 12. Qxd4 e5 13. Qa4+ Qd7 14. Bb5 axb5 15. Qxa8 O-O 16. Qa5 Qc6 17. g5 hxg5 18. hxg5 Nd7 19. Nd5 Re8 20. Nxe7+
1-0

[Event "Grimberger's tournament 2"]
[Site "SchemingMind.com"]
[Date "2008.11.03"]
[Round "-"]
[White "maro"]
[Black "ibukuno"]
[Result "0-1"]
[WhiteCountry "MEX"]
[BlackCountry "NGR"]
[WhiteElo "1264"]
[WhiteRD "52"]
[BlackElo "1867"]
[BlackRD "74"]
[GameID "177338"]

1. e4 e5 2. d3 Nf6 3. f4 Nc6 4. f5 Bc5 5. Qe2 Nd4 6. Qd2 Nh5 7. Qc3 Qh4+ 8. g3 Nxg3 9. Bg2 Nxe4+ 10. Kd1 Nxc3+
11. Nxc3 Qg4+ 12. Bf3 Nxf3 13. Nce2 Nd4 14. Be3 Nxe2 15. Nxe2 Bxe3 16. c4 Qxf5 17. Kc2 b6 18. Rae1 Bb7 19. Ref1 Qg4 20. Re1 Bxh1
0-1

[Event "Grimberger's tournament 2"]
[Site "SchemingMind.com"]
[Date "2008.11.03"]
[Round "-"]
[White "ibukuno"]
[Black "maro"]
[Result "1-0"]
[WhiteCountry "NGR"]
[BlackCountry "MEX"]
[WhiteElo "1867"]
[WhiteRD "74"]
[BlackElo "1264"]
[BlackRD "52"]
[GameID "177350"]

1. e4 e5 2. Nf3 Nc6 3. Bc4 Bc5 4. d3 d6 5. h3 h6 6. Nc3 Qf6 7. Nd5 Qd8 8. a3 Nd4 9. b4 Nb3 10. Bxb3 Bd4
11. c3 Bb6 12. a4 c6 13. Nxb6 Qxb6 14. Be3 c5 15. bxc5 dxc5 16. Nxe5 Be6 17. Nc4 Qc7 18. Qf3 f6 19. Bf4 Qc6 20. Nd6+ Ke7
21. Bd5 Bxd5 22. exd5 Qa6 23. O-O g5 24. Rfe1+ Kd7 25. Qg4+ Kd8 26. Re8+
1-0

[Event "Grimberger's tournament 2"]
[Site "SchemingMind.com"]
[Date "2008.11.10"]
[Round "-"]
[White "chesshub"]
[Black "Dr_Pat"]
[Result "1-0"]
[WhiteCountry "FRA"]
[BlackCountry "USA"]
[WhiteElo "2442"]
[WhiteRD "67"]
[BlackElo "2106"]
[BlackRD "52"]
[GameID "178052"]

1. e4 Nf6 2. e5 Nd5 3. d4 d6 4. Nf3 Bg4 5. Be2 e6 6. O-O Be7 7. c4 Nb6 8. Nc3 O-O 9. Be3 Nc6 10. exd6 cxd6
11. d5 Bxf3 12. Bxf3 Ne5 13. dxe6 fxe6 14. Bg4 Rf6 15. b3 Nxg4 16. Qxg4 Rg6 17. Qe4 Qc7 18. Rac1 Qc6 19. Rfd1 Rf8 20. g3 Rf5
21. a4 Qxe4 22. Nxe4 d5 23. cxd5 exd5 24. Nc5 Bxc5 25. Rxc5 Rd6 26. a5 Nd7 27. Rc7 Ne5 28. Bxa7 Rd7 29. Rxd7 Nxd7 30. b4 Nf6
31. Bd4 Nd7 32. b5 Ne5 33. Kg2 Nf3 34. Bb6 Rf6 35. Rxd5
1-0

[Event "Grimberger's tournament 2"]
[Site "SchemingMind.com"]
[Date "2008.11.10"]
[Round "-"]
[White "Dr_Pat"]
[Black "chesshub"]
[Result "0-1"]
[WhiteCountry "USA"]
[BlackCountry "FRA"]
[WhiteElo "2155"]
[WhiteRD "51"]
[BlackElo "2451"]
[BlackRD "67"]
[GameID "178061"]

1. d4 Nf6 2. c4 e6 3. Nc3 Bb4 4. Qc2 O-O 5. Nf3 c5 6. dxc5 Na6 7. a3 Bxc3+ 8. Qxc3 Nxc5 9. e3 a5 10. Be2 a4
11. O-O b6 12. Bd2 Bb7 13. Rad1 Qe7 14. Qb4 Nfe4 15. Qxb6 d6 16. Nd4 e5 17. Nb5 Qg5 18. f4 Qf6 19. Nc7 Rab8 20. Bb4 exf4
21. Bxc5 Nxc5 22. Qxd6 Qxd6 23. Rxd6 fxe3 24. Rf5 Ne4 25. Rb6 Bc6 26. Rb4 Rxb4 27. axb4 g6 28. Rf3 Rd8 29. b5 Bb7 30. Rxe3 Rd2
31. Bf3 f5 32. h3 Rxb2 33. Rd3 Kf7 34. Rd7+ Kf6 35. Ne8+ Ke5 36. Rxb7 a3 37. Ra7 a2 38. Kh2 Nd2 39. Kg3 g5 40. Bd5 h5
0-1

[Event "Grimberger's tournament 2"]
[Site "SchemingMind.com"]
[Date "2009.02.14"]
[Round "-"]
[White "chesshub"]
[Black "Orange Lion"]
[Result "1-0"]
[WhiteCountry "FRA"]
[BlackCountry "NED"]
[WhiteElo "2457"]
[WhiteRD "73"]
[BlackElo "2309"]
[BlackRD "91"]
[GameID "192413"]

1. e4 c6 2. d4 d5 3. e5 Bf5 4. Nf3 e6 5. Be2 Ne7 6. O-O h6 7. Nbd2 Nd7 8. Nb3 Bh7 9. Bd2 Ng6 10. Rc1 Be7
11. c4 a5 12. cxd5 exd5 13. Bd3 Ngf8 14. Bxh7 Nxh7 15. Qe1 a4 16. Na5 Qb6 17. e6 fxe6 18. Qxe6 Nhf8 19. Qe2 Kf7 20. Rfe1 Bf6
21. b4 axb3 22. Nxb3 Rxa2 23. Rb1 Qc7 24. Qd3 b6 25. h4 Qd6 26. h5 Kg8 27. Re8 Bg5 28. Ne5 Nf6 29. Rc8 Nxh5 30. Rxc6 Qe7
31. Rc8 Qe6 32. Rbc1 Bxd2 33. R1c6 Nf4 34. Qb1 Ne2+ 35. Kf1 Nc3 36. Qd3 Qe7 37. Qf3 Ne4 38. Ng6 Bb4 39. Nxe7+ Bxe7 40. Rc2 Rxc2
41. Rxc2 g6 42. Nd2 Nf6 43. Rc6 Kf7 44. Qe3 Rh7 45. Nf3 Kg8 46. Rc8 Ne4 47. Qb3 Nf6 48. Qxb6
1-0

[Event "Grimberger's tournament 2"]
[Site "SchemingMind.com"]
[Date "2009.02.15"]
[Round "-"]
[White "Orange Lion"]
[Black "chesshub"]
[Result "1/2-1/2"]
[WhiteCountry "NED"]
[BlackCountry "FRA"]
[WhiteElo "2309"]
[WhiteRD "91"]
[BlackElo "2457"]
[BlackRD "73"]
[GameID "192418"]

1. d4 Nf6 2. c4 e6 3. Nf3 b6 4. Nc3 Bb7 5. a3 g6 6. Qc2 Bxf3 7. gxf3 Nc6 8. e3 Bg7 9. d5 Ne7 10. e4 O-O
11. Bg5 h6 12. Be3 e5 13. O-O-O Nc8 14. Rg1 Nh5 15. c5 bxc5 16. Bxc5 Nd6 17. Qa4 Bf6 18. Kb1 Nf4 19. Ba6 Nh3 20. Rg3 Nf4
21. Nb5 Be7 22. Be3 Bg5 23. Rc1 Nxb5 24. Bxb5 a6 25. Bc4 Nh5 26. Rg2 Qe7 27. Bf1 Rfc8 28. Rc3 Kg7 29. Rg1 Bxe3 30. fxe3 Rcb8
31. Rg2 Qf6 32. Rf2 Qh4 33. Rcc2 Nf6 34. Qa5 Rb7 35. Rg2 Rb3 36. Qd2 a5 37. Ka2 Rb7 38. Qc3 d6 39. a4 Rb4 40. Bb5 Ra7
41. Rcf2 Rb7 42. b3 Ra7 43. Qc6 Kh7 44. Rg3 Kg7 45. Rc2 Kg8 46. Ka3 Kg7 47. Rcg2 Kf8 48. Rf2=
1/2-1/2

[Event "Grimberger's tournament 2"]
[Site "SchemingMind.com"]
[Date "2009.06.08"]
[Round "-"]
[White "ibukuno"]
[Black "chesshub"]
[Result "0-1"]
[WhiteCountry "NGR"]
[BlackCountry "FRA"]
[WhiteElo "1810"]
[WhiteRD "83"]
[BlackElo "2482"]
[BlackRD "70"]
[GameID "207630"]

1. e4 c5 2. Nf3 d6 3. d4 cxd4 4. Nxd4 Nf6 5. Nc3 a6 6. Be2 e5 7. Nb3 Be7 8. Be3 Be6 9. O-O Nbd7 10. f4 Qc7
11. f5 Bc4 12. Nd2 Bxe2 13. Qxe2 O-O 14. Rf3 b5 15. a3 Nb6 16. Raf1 d5 17. exd5 Nbxd5 18. Nxd5 Nxd5 19. Ne4 f6 20. Bc1 Rac8
21. c3 Qc4 22. Qe1 Rfd8 23. Rg3 Rc7 24. Bh6 Bc5+ 25. Kh1 Bf8 26. Rff3 Kh8 27. Bc1 Nf4 28. Nd2 Qe2 29. Qf1 Rxd2 30. Bxd2 Qxd2
31. Rf2 Qd8 32. h3 Rd7 33. Re3 Bc5 34. Re1 Bxf2
0-1

[Event "Grimberger's tournament 2"]
[Site "SchemingMind.com"]
[Date "2009.06.08"]
[Round "-"]
[White "chesshub"]
[Black "ibukuno"]
[Result "1-0"]
[WhiteCountry "FRA"]
[BlackCountry "NGR"]
[WhiteElo "2457"]
[WhiteRD "73"]
[BlackElo "1791"]
[BlackRD "86"]
[GameID "207638"]

1. d4 d5 2. c4 Nf6 3. cxd5 Nxd5 4. Nf3 e6 5. e4 Nf6 6. Nc3 Bb4 7. Bd3 Nc6 8. O-O O-O 9. e5 Nd5 10. Bxh7+ Kxh7
11. Ng5+ Kg6 12. h4 Rh8 13. Qd3+ f5 14. exf6+ Kxf6 15. Qf3+ Ke7 16. Qf7+
1-0